| 000 | 01130nab a2200481 a 4500 | ||
|---|---|---|---|
| 001 | 30579 | ||
| 003 | 96274 | ||
| 005 | 20240712161124.0 | ||
| 008 | ||||||n9999 ||| || || | ||
| 041 | _aspa | ||
| 082 |
_220 _a342 |
||
| 100 | _aCanasi, Jose | ||
| 245 | 0 |
_aDerecho administrativo (v2) : _bparte especial, los servicios publicos, el acto administrativo, contratos administrativos |
|
| 260 |
_aBuenos Aires : _bDepalma, _c1984. |
||
| 300 | _aV2 724p | ||
| 562 | _e1 | ||
| 650 | _aACTOS ADMINISTRATIVOS | ||
| 650 | _aARGENTINA | ||
| 650 | _aCONTRATOS DE TRABAJO | ||
| 650 | _aDERECHO ADMINISTRATIVO | ||
| 650 | _aSERVICIOS PĂBLICOS | ||
| 773 |
_05982 _aDerecho administrativo |
||
| 942 | _cBKM | ||
| 999 |
_c30579 _d30579 |
||
| 526 | _a17598 | ||
| 526 | _a102617 | ||
| 526 | _a102618 | ||
| 526 | _a15794 | ||
| 526 | _a102620 | ||
| 526 | _a10406 | ||
| 526 | _a105630 | ||
| 526 | _a1698 | ||
| 526 | _a116204 | ||
| 526 | _a4969 | ||
| 526 | _a19790 | ||
| 526 | _a104436 | ||
| 526 | _a5144 | ||
| 526 | _a51868 | ||
| 526 | _a3899 | ||
| 526 | _a9683 | ||
| 526 | _a | ||
| 526 | _a1703 | ||
| 526 | _a1697 | ||